banner-ar

شرح الموسيقى من كتابى ( الشفاء والنجاة ) : (Record no. 56872)

MARC details
000 -الفاتح
حقل البيانات ثابتة الطول 00965nam a2200193Ia 4500
008 - عناصر البيانات ثابتة الطول - معلومات عامة
حقل البيانات ثابتة الطول 140319s9999 xx 000 0 ara d
040 ## - مصدر الفهرسة
وكالة الفهرسة الأصلية GCL /
وكالة النسخ GCL
082 04 - رقم تصنيف ديوى العشرى
رقم التصنيف 780.956
رقم المادة س ش
100 1# - المدخل الرئيسى - إسم شخصى
الإسم الشخصى ابن سينا: شرف الملك ابوعلى الحسين بن عبدالله الحسين على البخارى
245 10 - بيان العنوان
العنوان شرح الموسيقى من كتابى ( الشفاء والنجاة ) :
بقية العنوان تراث الموسيقى العربى ( القرن الخامس هـ ) /
بيان المسئوليه,etc ابن سينا: شرف الملك ابوعلى الحسين بن عبدالله الحسين على البخارى
260 ## - PUBLICATION, DISTRIBUTION, ETC. (IMPRINT)
تاريخ النشر أو التوزيع 2004
300 ## - الوصف المادى
التعداد 303 ص ؛
أبعاد الوعاء 24 سم
650 04 - المدخل الاضافى بالموضوع-مصطلح موضوعى
مصطلح موضوعي الموسيقى العربية - تحليل
650 04 - المدخل الاضافى بالموضوع-مصطلح موضوعى
مصطلح موضوعي الموسيقى العربية - تعليم
650 04 - المدخل الاضافى بالموضوع-مصطلح موضوعى
مصطلح موضوعي التاليف الموسيقى
650 04 - المدخل الاضافى بالموضوع-مصطلح موضوعى
مصطلح موضوعي التوزيع الموسيقى
942 ## - عناصر المدخل الإضافي( كوها)
مصدر التصنيف او مخطط الترفيف Dewey Decimal Classification
Koha [default] item type كتاب
260 ## - PUBLICATION, DISTRIBUTION, ETC. (IMPRINT)
-- القاهرة :
-- المجلس الاعلى للثقافة ،
Holdings
حالة التراجع حالة الفقد حالة تلف ليس للاعارة المكان المؤقت الموقع الحالى تاريخ الاكتساب اجمالي اﻻعارات رقم الطلب الباركود تاريخ اخر مشاهدة تاريخ تفعيل السعر نوع وعاء كوها
        مكتبة القاهرة الكبرى مكتبة القاهرة الكبرى 03/26/2014   780.956\س ش 140578 03/26/2014 03/26/2014 كتاب
        مكتبة القاهرة الكبرى مكتبة القاهرة الكبرى 03/26/2014   780.956\س ش 140579 03/26/2014 03/26/2014 كتاب
        مكتبة القاهرة الكبرى مكتبة القاهرة الكبرى 03/26/2014   780.956\س ش 140580 03/26/2014 03/26/2014 كتاب

Powered By

EGPV